[Event "SVK-chT 9899"]
[Site "Slovakia"]
[Date "1999.??.??"]
[Round "7"]
[White "Bombek, V."]
[Black "Kijac, Miroslav"]
[Result "1/2-1/2"]
[WhiteElo "2245"]
[BlackElo "2155"]
[PlyCount "50"]
[EventDate "1998.??.??"]
[EventType "team"]
[EventRounds "11"]
[EventCountry "SVK"]
[SourceTitle "EXT 2000"]
[Source "ChessBase"]
[SourceDate "1999.11.16"]
[SourceVersion "1"]
[SourceVersionDate "1999.11.16"]
[SourceQuality "1"]

1. d4 d5 2. Bg5 c6 3. e3 Qb6 4. b3 Bf5 5. Bd3 Bg6 6. Nf3 e6 7. 0-0 Nd7 8. c4 Ngf6 9. Nc3 Qa5 10. Bxg6 hxg6 11. Qd3 Bd6 12. c5 Bb8 13. b4 Qd8 14. Rfd1 a6 15. a4 0-0 16. b5 axb5 17. axb5 Rxa1 18. Rxa1 e5 19. e4 Re8 20. exd5 cxd5 21. Bxf6 gxf6 22. dxe5 Nxc5 23. Qxd5 Qxd5 24. Nxd5 Bxe5 25. Rc1 Nd7 1/2-1/2